000 00422nam a2200169 a 4500
001 1772447158667
003 YourLibrary
005 20260302160218.0
008 260302s2006##################000#0#eng##
020 _a9780415398244
082 0 4 _a327.174
_bROU.1
245 1 0 _aArms Control and Arms Reduction :
260 _c2006.
650 0 _aArms control.
942 _cENGLISH
040 _aYourLibrary
_beng
_cYourLibrary
999 _c616553
_d616553